| 000 | 00574nam a22001217a 4500 | ||
|---|---|---|---|
| 040 | _cRUA | ||
| 082 | _aVEM TON 2025 B705 Or.1 | ||
| 100 | _aTON SAKADA, តន់ ស័ក្កដា | ||
| 245 | _aCase Of Feline Panleukopenia Virus At Animal Clinic In takhmao town kandal province, ករណីFeline panleukopenia virus លើពិឡារនៅគ្លីនិកសត្វ ក្នុងក្រុងតាខ្មៅ ខេត្តកណ្ដាល | ||
| 260 |
_aPHNOM PENH _bRUA _c2025 |
||
| 300 |
_aIX,31P. _bILL. _c29CM. |
||
| 942 | _cសារណាបទ | ||
| 999 |
_c25563 _d25563 |
||